000 00756cam a22002531 4500
001 31845
003 BD-RjUL
005 20211209051745.0
008 140422s1959 enk 000 0 eng
035 _a(BD-RjUL)31933
035 _a(OCoLC)823593
040 _aDLC
_cMSohG
_dDLC
_dBD-RjUL
_beng
041 _aeng
082 0 4 _a192
_bRUM 1959
100 1 _aRussell, Bertrand,
_d1872-1970
_996931
245 1 0 _aMy philosophical development /
_cBertrand Russell.
260 _aLondon :
_bAllen and Unwin,
_c1959.
300 _a279 p. ;
_c23 cm.
600 1 7 _a Russell, Bertrand, -- 1872-1970.
_998301
650 7 _aPhilosophers -- England -- Biography.
_996933
942 _2ddc
_cBK
999 _c31845
_d31845